000 00578nam a2200205Ia 4500
005 20250923145528.0
008 008 250917s9999 xx 000 0 eng d
037 _aTextual
040 _aDSWL
_beng
_cDSWL
041 _aeng
_2eng
084 _aWXM24, N80
_qDSWL
100 _aMalhotra, Shanta
_9836256
245 0 _aPolitical thought of Swami Dayanand
_c by Shanta Malhotra
260 _aNew Delhi
_bDelhi Swadhaya Kendra
_c1980
300 _a212 p.
365 _aINR
_b45
925 _g45
942 _cTEXL
_hWXM24, N80
999 _c1452490
_d1452490